000 00623nab a2200181 4500
001 90031
003 OSt
005 20230510123754.0
007 tu
008 110905s2000|||||||
040 _aDE-2950
_cDE-2950
245 0 0 _aBesucherandrang zum politischen Volksfest.
_bBrückenfest. Tausende Besucher spazieren am 1. Mai über den Holzmarkt. Es war eines der politischen aufgeladensten Maifeste seit Jahren./
_cRené Matschkowiak
264 _c2023
653 _aFrankfurt (Oder)
653 _aVolksfest 1.Mai
773 0 _g34. Jahrgang (2023) Nr. 101, 02.05.2023, S. 11: mit Foto
_tMärkische Oderzeitung
942 _2z
_cA
999 _c372423
_d372423